Zážitkové čítanie pre žiakov na 1. stupni základných škôl

Bibliographic Details
Main Author: Valičková, Jana (Author)
Format: Article
Language:Slovak
Subjects:

MARC

LEADER 00000nab a2200000 a 4500
001 vtls010531444
003 SK-MaSNL
005 20260304185104.0
008 250708c20122013xo mr|p|||an |000 b|slo
015 |a SNBRB2013/07 
035 |a (uuid)ecd95fcf-66c1-491b-a647-3e0f02006566 
035 |a urn:nbn:sk:snk-ab2hf6 
035 |a (urnnbn)urn:nbn:sk:snk:ar-a02fcd 
038 |a SPK 
040 |a SNKBUCL  |b slo  |c SNKBUCL  |e AACR2 
041 0 |a slo  |b slo 
044 |a xo  |c SK 
072 7 |a 371  |x Školstvo (organizácia)  |2 konspekt 
072 7 |a 373.2/.3  |x Predškolská a primárna výchova a vzdelávanie  |2 konspekt 
080 |a 371.31  |2 2001 
080 |a 373.32  |2 2001 
100 1 |a Valičková, Jana  |4 aut  |9 417845 
245 1 0 |a Zážitkové čítanie pre žiakov na 1. stupni základných škôl  |c Jana Valičková 
504 |a Bibliogr. odkazy 
546 |a Res. slov. 
650 0 7 |a zážitkové čítanie  |2 snkbucl  |9 1054542 
650 0 7 |a základné školy  |2 snkbucl  |9 1280 
773 0 |t Naša škola  |g Roč. 16., č. 9-10(2012/2013), s. 51-53 
850 |a Slovenská národná knižnica 
852 |a Slovenská národná knižnica 
954 |a odborná, vedecká literatúra pôvodná (slovenská)  |2 lita 
958 |a article27 
958 |a NB  |2 spk 
958 |a OND 
958 |a EUIPO 
999 |c 3041332  |d 3043262